Villes importantes de la Seconde Guerre mondiale - Statistiques

Statistiques générales
  • Ce quiz a été pris 14 860 fois
    14 830 depuis la dernière actualisation
  • Le résultat moyen est 11 sur 20
Statistiques - réponses
Description Ville % Correct
Capitale ayant fait partie d'un "Axe" en 1939 Berlin
96%
Capitale de la France non occupée Vichy
85%
Ville frappée par une bombe atomique Hiroshima
83%
Ville frappée par une bombe atomique Nagasaki
82%
Ville russe que les nazis n’ont pas réussi à capturer en 1942-1943, marquant un tournant dans la guerre Stalingrad
80%
Attaquée 71 fois durant le blitz Londres
75%
Capitale ayant fait partie d'un "Axe" en 1939 Rome
74%
Ville où les criminels de guerre nazis les plus importants ont été jugés après la guerre Nuremberg
73%
Ville polonaise qui a été largement détruite en 1944 lors d'une insurrection contre les troupes allemandes Varsovie
73%
Ville française où plus de 300,000 personnes ont été évacuées vers l'Angleterre Dunkerque
63%
Site de la deuxième conférence Yalta
62%
Ville où Anne Frank s’est cachée Amsterdam
60%
Lieu de la conférence de 1938 qui a donné des parties de la Tchécoslovaquie à l’Allemagne Munich
54%
Ville allemande presque entièrement détruite par des bombes incendiaires en 1945 Dresde
43%
Une seule usine de cette ville produisait 25% des chars américains, plusque l’Allemagne toute entière Detroit
39%
Ville stratégique d'Asie du Sud-Est où les Japonais ont capturé 80 000 soldats anglais en 1942 Singapour
22%
Ville africaine, capitale de la France libre jusqu'en 1943 Brazzaville
19%
Ville du nord de l'Australie bombardée par les Japonais Darwin
19%
Site de la troisième conférence Potsdam
16%
Ville ayant accueillie la première conférence entre Roosevelt, Churchill et Staline Téhéran
15%
Aucun quiz correspondant
Distribution des résultats
% des personnes avec chaque résultat
Percentile par nombre de réponses
Votre historique - résultats
Vous n’avez pas pris ce quiz depuis la dernière actualisation